Aëtiana V (4 vols.) : An Edition of the Reconstructed Text of the Placita with a Commentary and a Collection of Related Texts /
A new reconstruction and text of the Placita of Aëtius (ca. 50 CE), accompanied by a full commentary and an extensive collection of related texts. This compendium, arguably the most important doxographical text to survive from antiquity, is known through the intensive use made of it by authors in la...
مؤلفون آخرون: ,
التنسيق: كتاب الكتروني
اللغة: English
منشور في:
Leiden; Boston :
BRILL,
2020.
سلاسل:
Philosophia Antiqua ;
153.
Classical Studies E-Books Online, Collection 2020, ISBN: 9789004393820.
الموضوعات:
الوصول للمادة أونلاين: Login to view Source
الوسوم: إضافة وسم
رقم الطلب: B171
| LEADER | 02840nam a22004691i 4500 | ||
|---|---|---|---|
| 001 | BRILL9789004428409 | ||
| 003 | nllekb | ||
| 005 | 20230529210504.0 | ||
| 006 | m d | ||
| 007 | cr un uuuua | ||
| 008 | 200207s2020 ne sb 001 0 eng d | ||
| 020 | |a 9789004428409 |q (electronic book) | ||
| 020 | |a 9789004428386 |q (print) | ||
| 024 | 7 | |a 10.1163/9789004428409 |2 DOI | |
| 035 | |z (OCoLC)1135571802 | ||
| 040 | |a NL-LeKB |c NL-LeKB |e rda | ||
| 050 | 4 | |a B171 | |
| 072 | 7 | |a HPCA |2 bicssc | |
| 072 | 7 | |a PHI |x 002000 |2 bisacsh | |
| 082 | 0 | 4 | |a 180 |2 23 |
| 245 | 0 | 0 | |a Aëtiana V (4 vols.) : |b An Edition of the Reconstructed Text of the Placita with a Commentary and a Collection of Related Texts / |c Jaap Mansfeld, David Runia. |
| 246 | 3 | |a An Edition of the Reconstructed Text of the Placita with a Commentary and a Collection of Related Texts | |
| 264 | 1 | |a Leiden; |a Boston : |b BRILL, |c 2020. | |
| 300 | |a 1 online resource. | ||
| 336 | |a text |b txt |2 rdacontent | ||
| 337 | |a computer |b c |2 rdamedia | ||
| 338 | |a online resource |2 rdacarrier | ||
| 490 | 1 | |a Philosophia Antiqua ; |v 153 | |
| 490 | 1 | |a Classical Studies E-Books Online, Collection 2020, ISBN: 9789004393820 | |
| 520 | |a A new reconstruction and text of the Placita of Aëtius (ca. 50 CE), accompanied by a full commentary and an extensive collection of related texts. This compendium, arguably the most important doxographical text to survive from antiquity, is known through the intensive use made of it by authors in later antiquity and beyond. Covering the entire field of natural philosophy, it has long been mined as a source of information about ancient philosophers and their views. It now receives a thorough analysis as a remarkable work in its own right. This volume is the culmination of a five-volume set of studies on Aëtius (1997-2020): Aëtiana I (ISBN: 9789004105805, 1996), II (Parts 1&2; set ISBN 9789004172067; 2008), III (ISBN 9789004180413; 2009), IV (ISBN: 9789004361454, 2018), and V (Parts 1-4). It uses an innovative methodology to replace the seminal edition of Hermann Diels (1879). | ||
| 559 | 4 | |a B171 | |
| 588 | |a Description based on print version record. | ||
| 650 | 0 | |a Philosophy, Ancient. | |
| 700 | 1 | |a Jaap, Mansfeld, |e editor. | |
| 700 | 1 | |a Runia, David, |e editor. | |
| 776 | 0 | 8 | |i Print version: |t Aëtiana V (4 vols.): An Edition of the Reconstructed Text of the Placita with a Commentary and a Collection of Related Texts, |d Leiden Boston : BRILL, 2020 |w 9789004428386 |
| 830 | 0 | |a Philosophia Antiqua ; |v 153. | |
| 830 | 0 | |a Classical Studies E-Books Online, Collection 2020, ISBN: 9789004393820. | |
| 856 | 4 | |z DOI: |u http://dx.doi.org/10.1163/9789004428409 | |
| 942 | |2 lcc |c EBOOK | ||
| 952 | |0 0 |1 0 |2 lcc |4 0 |6 B0171 |7 1 |9 47934 |a BRILL |b BRILL |d 2023-05-29 |l 0 |o B171 |r 2023-05-29 00:00:00 |w 2023-05-29 |y EBOOK | ||
| 999 | |c 53278 |d 53278 | ||
